000 00526nam a2200181Ia 4500
005 20250508152350.0
008 008 250505s9999 xx 000 0 eng d
037 _aTextual
040 _aFEDL
_beng
_cFEDL
041 _aeng
_2eng
084 _a658.01, BAS
_qFEDL
100 _aBasu S K
245 0 _aManaging agency system : In prospect and retrospect
260 _aCalcutta, India
_bThe World Press Private Limited
_c1958
300 _a222p.
942 _cTEXL
_h658.01, BAS
999 _c1335949
_d1335949